<?xml version="1.0" encoding="UTF-8"?>
<collection xmlns="http://www.loc.gov/MARC21/slim">
 <record>
  <leader>03679cam a2200769   4500</leader>
  <controlfield tag="001">161695888X</controlfield>
  <controlfield tag="003">DE-627</controlfield>
  <controlfield tag="005">20240319183914.0</controlfield>
  <controlfield tag="007">tu</controlfield>
  <controlfield tag="008">970904s1997    xx ||||| m    00| ||ger c</controlfield>
  <datafield tag="015" ind1=" " ind2=" ">
   <subfield code="a">97,N33,0611</subfield>
   <subfield code="2">dnb</subfield>
  </datafield>
  <datafield tag="016" ind1="7" ind2=" ">
   <subfield code="a">950851272</subfield>
   <subfield code="2">DE-101</subfield>
  </datafield>
  <datafield tag="020" ind1=" " ind2=" ">
   <subfield code="a">3860645390</subfield>
   <subfield code="9">3-86064-539-0</subfield>
  </datafield>
  <datafield tag="035" ind1=" " ind2=" ">
   <subfield code="a">(DE-627)161695888X</subfield>
  </datafield>
  <datafield tag="035" ind1=" " ind2=" ">
   <subfield code="a">(DE-576)061164399</subfield>
  </datafield>
  <datafield tag="035" ind1=" " ind2=" ">
   <subfield code="a">(DE-599)DNB950851272</subfield>
  </datafield>
  <datafield tag="035" ind1=" " ind2=" ">
   <subfield code="a">(OCoLC)313034553</subfield>
  </datafield>
  <datafield tag="040" ind1=" " ind2=" ">
   <subfield code="a">DE-627</subfield>
   <subfield code="b">ger</subfield>
   <subfield code="c">DE-627</subfield>
   <subfield code="e">rakwb</subfield>
  </datafield>
  <datafield tag="041" ind1=" " ind2=" ">
   <subfield code="a">ger</subfield>
  </datafield>
  <datafield tag="084" ind1=" " ind2=" ">
   <subfield code="a">9,10</subfield>
   <subfield code="2">ssgn</subfield>
  </datafield>
  <datafield tag="084" ind1=" " ind2=" ">
   <subfield code="a">LN 84220</subfield>
   <subfield code="2">rvk</subfield>
   <subfield code="0">(DE-625)rvk/102408:2</subfield>
  </datafield>
  <datafield tag="100" ind1="1" ind2=" ">
   <subfield code="a">Althaus, Klaus-Rainer</subfield>
   <subfield code="4">aut</subfield>
  </datafield>
  <datafield tag="245" ind1="1" ind2="4">
   <subfield code="a">Die Apsidenmalereien der Höhlenkirchen in Apulien und in der Basilikata</subfield>
   <subfield code="b">ikonographische Untersuchungen</subfield>
   <subfield code="c">Klaus-Rainer Althaus</subfield>
  </datafield>
  <datafield tag="263" ind1=" " ind2=" ">
   <subfield code="a">kart. : DM 198.00, sfr 164.34, S 1445.40</subfield>
  </datafield>
  <datafield tag="264" ind1=" " ind2="1">
   <subfield code="a">Hamburg</subfield>
   <subfield code="b">Kovač</subfield>
   <subfield code="c">1997</subfield>
  </datafield>
  <datafield tag="300" ind1=" " ind2=" ">
   <subfield code="a">535 S.</subfield>
   <subfield code="b">Ill.</subfield>
  </datafield>
  <datafield tag="336" ind1=" " ind2=" ">
   <subfield code="a">Text</subfield>
   <subfield code="b">txt</subfield>
   <subfield code="2">rdacontent</subfield>
  </datafield>
  <datafield tag="337" ind1=" " ind2=" ">
   <subfield code="a">ohne Hilfsmittel zu benutzen</subfield>
   <subfield code="b">n</subfield>
   <subfield code="2">rdamedia</subfield>
  </datafield>
  <datafield tag="338" ind1=" " ind2=" ">
   <subfield code="a">Band</subfield>
   <subfield code="b">nc</subfield>
   <subfield code="2">rdacarrier</subfield>
  </datafield>
  <datafield tag="490" ind1="1" ind2=" ">
   <subfield code="a">Schriften zur Kulturwissenschaft</subfield>
   <subfield code="v">11</subfield>
  </datafield>
  <datafield tag="502" ind1=" " ind2=" ">
   <subfield code="a">Zugl.: Marburg, Univ., Diss., 1993</subfield>
  </datafield>
  <datafield tag="583" ind1="1" ind2=" ">
   <subfield code="a">Archivierung/Langzeitarchivierung gewährleistet</subfield>
   <subfield code="f">SSG</subfield>
   <subfield code="x">XA-DE-BW</subfield>
   <subfield code="2">pdager</subfield>
   <subfield code="5">DE-16</subfield>
  </datafield>
  <datafield tag="655" ind1=" " ind2="7">
   <subfield code="a">Hochschulschrift</subfield>
   <subfield code="0">(DE-588)4113937-9</subfield>
   <subfield code="0">(DE-627)105825778</subfield>
   <subfield code="0">(DE-576)209480580</subfield>
   <subfield code="2">gnd-content</subfield>
  </datafield>
  <datafield tag="689" ind1="0" ind2="0">
   <subfield code="d">g</subfield>
   <subfield code="0">(DE-588)4002508-1</subfield>
   <subfield code="0">(DE-627)104409827</subfield>
   <subfield code="0">(DE-576)208847413</subfield>
   <subfield code="a">Apulien</subfield>
   <subfield code="2">gnd</subfield>
  </datafield>
  <datafield tag="689" ind1="0" ind2="1">
   <subfield code="d">s</subfield>
   <subfield code="0">(DE-588)4403711-9</subfield>
   <subfield code="0">(DE-627)194079627</subfield>
   <subfield code="0">(DE-576)212084836</subfield>
   <subfield code="a">Felsenkirche</subfield>
   <subfield code="2">gnd</subfield>
  </datafield>
  <datafield tag="689" ind1="0" ind2="2">
   <subfield code="d">s</subfield>
   <subfield code="0">(DE-588)4142832-8</subfield>
   <subfield code="0">(DE-627)105610143</subfield>
   <subfield code="0">(DE-576)20972174X</subfield>
   <subfield code="a">Apsis</subfield>
   <subfield code="2">gnd</subfield>
  </datafield>
  <datafield tag="689" ind1="0" ind2="3">
   <subfield code="d">s</subfield>
   <subfield code="0">(DE-588)4064542-3</subfield>
   <subfield code="0">(DE-627)106123068</subfield>
   <subfield code="0">(DE-576)20915411X</subfield>
   <subfield code="a">Wandmalerei</subfield>
   <subfield code="2">gnd</subfield>
  </datafield>
  <datafield tag="689" ind1="0" ind2="4">
   <subfield code="d">s</subfield>
   <subfield code="0">(DE-588)4026535-3</subfield>
   <subfield code="0">(DE-627)104675268</subfield>
   <subfield code="0">(DE-576)208966870</subfield>
   <subfield code="a">Ikonographie</subfield>
   <subfield code="2">gnd</subfield>
  </datafield>
  <datafield tag="689" ind1="0" ind2="5">
   <subfield code="a">z</subfield>
   <subfield code="2">gnd</subfield>
   <subfield code="a">Geschichte 900-1600</subfield>
  </datafield>
  <datafield tag="689" ind1="0" ind2=" ">
   <subfield code="5">DE-101</subfield>
  </datafield>
  <datafield tag="689" ind1="1" ind2="0">
   <subfield code="d">g</subfield>
   <subfield code="0">(DE-588)4004627-8</subfield>
   <subfield code="0">(DE-627)106384910</subfield>
   <subfield code="0">(DE-576)208856986</subfield>
   <subfield code="a">Basilicata</subfield>
   <subfield code="2">gnd</subfield>
  </datafield>
  <datafield tag="689" ind1="1" ind2="1">
   <subfield code="d">s</subfield>
   <subfield code="0">(DE-588)4403711-9</subfield>
   <subfield code="0">(DE-627)194079627</subfield>
   <subfield code="0">(DE-576)212084836</subfield>
   <subfield code="a">Felsenkirche</subfield>
   <subfield code="2">gnd</subfield>
  </datafield>
  <datafield tag="689" ind1="1" ind2="2">
   <subfield code="d">s</subfield>
   <subfield code="0">(DE-588)4142832-8</subfield>
   <subfield code="0">(DE-627)105610143</subfield>
   <subfield code="0">(DE-576)20972174X</subfield>
   <subfield code="a">Apsis</subfield>
   <subfield code="2">gnd</subfield>
  </datafield>
  <datafield tag="689" ind1="1" ind2="3">
   <subfield code="d">s</subfield>
   <subfield code="0">(DE-588)4064542-3</subfield>
   <subfield code="0">(DE-627)106123068</subfield>
   <subfield code="0">(DE-576)20915411X</subfield>
   <subfield code="a">Wandmalerei</subfield>
   <subfield code="2">gnd</subfield>
  </datafield>
  <datafield tag="689" ind1="1" ind2="4">
   <subfield code="d">s</subfield>
   <subfield code="0">(DE-588)4026535-3</subfield>
   <subfield code="0">(DE-627)104675268</subfield>
   <subfield code="0">(DE-576)208966870</subfield>
   <subfield code="a">Ikonographie</subfield>
   <subfield code="2">gnd</subfield>
  </datafield>
  <datafield tag="689" ind1="1" ind2="5">
   <subfield code="a">z</subfield>
   <subfield code="2">gnd</subfield>
   <subfield code="a">Geschichte 900-1600</subfield>
  </datafield>
  <datafield tag="689" ind1="1" ind2=" ">
   <subfield code="5">DE-101</subfield>
  </datafield>
  <datafield tag="751" ind1=" " ind2=" ">
   <subfield code="a">Marburg</subfield>
   <subfield code="0">(DE-588)4037446-4</subfield>
   <subfield code="0">(DE-627)106237454</subfield>
   <subfield code="0">(DE-576)209024305</subfield>
   <subfield code="4">uvp</subfield>
  </datafield>
  <datafield tag="787" ind1="0" ind2="8">
   <subfield code="i">Rezensiert in</subfield>
   <subfield code="a">Pace, Valentino, 1944 - </subfield>
   <subfield code="t">[Rezension von: Klaus-Rainer Althaus, Die Apsidenmalereien der Höhlenkirchen in Apulien und in der Basilikata]</subfield>
   <subfield code="d">Regensburg : Schnell und Steiner, 1999</subfield>
   <subfield code="w">(DE-627)1549906135</subfield>
   <subfield code="w">(DE-576)479906130</subfield>
  </datafield>
  <datafield tag="830" ind1=" " ind2="0">
   <subfield code="a">Schriftenreihe Schriften zur Kulturwissenschaft</subfield>
   <subfield code="v">11</subfield>
   <subfield code="9">11</subfield>
   <subfield code="w">(DE-627)247373036</subfield>
   <subfield code="w">(DE-576)062026119</subfield>
   <subfield code="w">(DE-600)1438988-5</subfield>
   <subfield code="x">1435-6589</subfield>
   <subfield code="7">ns</subfield>
  </datafield>
  <datafield tag="856" ind1="4" ind2="2">
   <subfield code="u">https://swbplus.bsz-bw.de/bsz061164399cov.jpg</subfield>
   <subfield code="m">V:DE-576</subfield>
   <subfield code="m">X:kovac</subfield>
   <subfield code="q">image/jpeg</subfield>
   <subfield code="v">20150717145601</subfield>
   <subfield code="3">Cover</subfield>
  </datafield>
  <datafield tag="936" ind1="r" ind2="v">
   <subfield code="a">LN 84220</subfield>
   <subfield code="b">allgemein</subfield>
   <subfield code="k">Kunstgeschichte</subfield>
   <subfield code="k">Kunst nach Ländern bzw. Kontinenten</subfield>
   <subfield code="k">Italien</subfield>
   <subfield code="k">Italienische Kunstgeschichte nach Gattungen</subfield>
   <subfield code="k">Malerei</subfield>
   <subfield code="k">Geschichte der italienischen Malerei nach Landschaften</subfield>
   <subfield code="k">Apulien</subfield>
   <subfield code="k">allgemein</subfield>
   <subfield code="0">(DE-627)1271172135</subfield>
   <subfield code="0">(DE-625)rvk/102408:2</subfield>
   <subfield code="0">(DE-576)201172135</subfield>
  </datafield>
  <datafield tag="951" ind1=" " ind2=" ">
   <subfield code="a">BO</subfield>
  </datafield>
  <datafield tag="990" ind1=" " ind2=" ">
   <subfield code="a">Apulien</subfield>
  </datafield>
  <datafield tag="990" ind1=" " ind2=" ">
   <subfield code="a">Felsenkirche</subfield>
  </datafield>
  <datafield tag="990" ind1=" " ind2=" ">
   <subfield code="a">Apsis</subfield>
  </datafield>
  <datafield tag="990" ind1=" " ind2=" ">
   <subfield code="a">Wandmalerei</subfield>
  </datafield>
  <datafield tag="990" ind1=" " ind2=" ">
   <subfield code="a">Ikonographie</subfield>
  </datafield>
  <datafield tag="990" ind1=" " ind2=" ">
   <subfield code="a">Geschichte 900-1600</subfield>
  </datafield>
  <datafield tag="990" ind1=" " ind2=" ">
   <subfield code="a">Basilicata</subfield>
  </datafield>
  <datafield tag="990" ind1=" " ind2=" ">
   <subfield code="a">Felsenkirche</subfield>
  </datafield>
  <datafield tag="990" ind1=" " ind2=" ">
   <subfield code="a">Apsis</subfield>
  </datafield>
  <datafield tag="990" ind1=" " ind2=" ">
   <subfield code="a">Wandmalerei</subfield>
  </datafield>
  <datafield tag="990" ind1=" " ind2=" ">
   <subfield code="a">Ikonographie</subfield>
  </datafield>
  <datafield tag="990" ind1=" " ind2=" ">
   <subfield code="a">Geschichte 900-1600</subfield>
  </datafield>
  <datafield tag="991" ind1=" " ind2=" ">
   <subfield code="a">Rezensiertes Werk</subfield>
  </datafield>
  <datafield tag="999" ind1=" " ind2=" ">
   <subfield code="a">KXP-PPN161695888X</subfield>
   <subfield code="e">4020940797</subfield>
  </datafield>
 </record>
</collection>
